Datum a čas kvízu
30.5
Celkem bodů
Celkový počet nahraných bodů na tomto kvízu bez doplňovacích otázek.
7.
Pořadí na kvízu
Konečné umístění týmu na tomto kvízu.
Zaznamenané odpovědi
| # | Otázka | Odpověď | Body | Výsledky |
|---|---|---|---|---|
| 1. | Že vánoční punk není mrtvý, má... | Bruntál | 1 | |
| 2. | Premiér jisté země byl minulý... | o Izraeli | 0 | |
| 3. | Křišťálovou lupu za online vid... | Honza Mikulka, Janek Rubeš | 0 | |
| 4. | Lety britského nízkonákladovéh... | EasyJet | 1 | |
| 5. | Jak se jmenuje vítěz letošního... | Stefanos Tsitsipas | 1 | |
| 6. | Toto téma minulý týden zvítězi... | Vídeň, 2005 | 0 | |
| 7. | Nespočet hlášek má na svém kon... | vycházky | 1 | |
| 8. | Televize Nova a sportovní přen... | Václav Tittelbach, Pavel Poulíček | 0 | |
| 9. | Autorem mnoha legendárních hlá... | Nemecký/Německý | 1 | |
| 10. | Jak se nazývá švédské lyžařské... | Åre | 0 |